Comparison of peer teacher and self-assessments on adolescent direct agression (Record no. 64467)

MARC details
000 -CABECERA
campo de control de longitud fija 00606nam a2200217 a 4500
005 - FECHA Y HORA DE LA ÚLTIMA TRANSACCIÓN
campo de control 20210219152940.0
008 - ELEMENTOS DE LONGITUD FIJA--INFORMACIÓN GENERAL
campo de control de longitud fija 991125n 000 0 eng u
035 ## - NÚMERO DE CONTROL DEL SISTEMA
Número de control de sistema UPN01000068274
100 ## - ASIENTO PRINCIPAL--NOMBRE PERSONAL
Nombre de persona PAKASLAHTI, Laura
222 ## - TÍTULO CLAVE
Título clave EDUCATIONAL PSYCHOLOGY
245 ## - MENCIÓN DE TÍTULO
Título Comparison of peer teacher and self-assessments on adolescent direct agression
300 ## - DESCRIPCIÓN FÍSICA
Extensión 177-190
362 ## - FECHAS DE PUBLICACIÓN Y/O DESIGNACIÓN SECUENCIAL
Fecha de publicación y/o designación secuencial 2000 20 (2)
653 0# - TERMINO DE INDIZACION - NO CONTROLADO
Término no controlado ADOLESCENTES
653 0# - TERMINO DE INDIZACION - NO CONTROLADO
Término no controlado AGRESION
653 0# - TERMINO DE INDIZACION - NO CONTROLADO
Término no controlado ESTUDIOS DE GENERO
653 0# - TERMINO DE INDIZACION - NO CONTROLADO
Término no controlado MAESTROS
700 ## - ASIENTO SECUNDARIO--NOMBRE DE PERSONAL
Nombre de persona KELTIKANGAS-JARVINEN, Liisa, coaut.
904 ## - ELEMENTOS DE DATOS D LOCAL, LDD (RLIN)
a AC
b 006085
905 ## - TIPO DE MATERIAL
Tipo de material Articulo

No items available.